Tình huống tâm lý học lứa tuổi và tâm lý học sư phạm

Nội dung cuốn sách gồm 239 tình huống được chia thành hai phần chính đề cập đến những vấn đề cơ bản của tâm lý học lứa tuổi và tâm lý học sư phạm.

Gespeichert in:
Bibliographische Detailangaben
1. Verfasser: Đỗ, Thị Châu
Format: Buch
Sprache:Undetermined
Veröffentlicht: Hà Nội Giáo Dục 2006
Schlagworte:
Tags: Tag hinzufügen
Keine Tags, Fügen Sie den ersten Tag hinzu!
Thư viện lưu trữ: Trung tâm Học liệu Trường Đại học Cần Thơ
LEADER 00891nam a2200229Ia 4500
001 CTU_110730
008 210402s9999 xx 000 0 und d
020 |c 43000 
082 |a 370.15 
082 |b Ch125 
100 |a Đỗ, Thị Châu 
245 0 |a Tình huống tâm lý học lứa tuổi và tâm lý học sư phạm 
245 0 |c Đỗ Thị Châu 
260 |a Hà Nội 
260 |b Giáo Dục 
260 |c 2006 
520 |a Nội dung cuốn sách gồm 239 tình huống được chia thành hai phần chính đề cập đến những vấn đề cơ bản của tâm lý học lứa tuổi và tâm lý học sư phạm. 
526 |a Tâm lý học sư phạm 
526 |b SP010 
650 |a Educational psychology 
904 |i Minh 
980 |a Trung tâm Học liệu Trường Đại học Cần Thơ